[Event "FS Dortmund 1 - SG Mengede 1"]
[Site "Verbandsklasse - Gruppe 1 202"]
[Date "2021.10.24"]
[Round "1.6"]
[White "Schulz-Runge, Michael"]
[Black "Wiktor, Reinhard"]
[Result "0-1"]
[WhiteElo "1880"]
[BlackElo "1766"]
[PlyCount "64"]
[EventDate "2021.??.??"]
[WhiteTeam "FS Dortmund 1"]
[BlackTeam "SG Mengede 1"]

1. c4 c5 2. g3 Nc6 3. Bg2 g6 4. Nc3 Nf6 5. e3 Bg7 6. d3 O-O 7. a3 d6 8. Nge2
Bd7 9. O-O Rb8 10. b4 cxb4 11. axb4 Nxb4 12. Rxa7 Bc6 13. Qb3 Nxd3 14. Nd5 Nc5
15. Qb1 Bxd5 16. cxd5 Ra8 17. Rxa8 Qxa8 18. Nd4 Qa4 19. Bd2 Ra8 20. Bc3 Nfd7
21. Qb2 Qc4 22. Ra1 Rxa1+ 23. Qxa1 Na4 24. Bf1 Qxc3 25. Qxa4 Qc8 26. Bh3 Qc1+
27. Bf1 Nc5 28. Qe8+ Bf8 29. Kg2 Qd2 30. Be2 Qa2 31. Bf3 Nd3 32. Ne2 Ne1+ 0-1

[Event "FS Dortmund 1 - SG Mengede 1"]
[Site "Verbandsklasse - Gruppe 1 202"]
[Date "2021.10.24"]
[Round "1.7"]
[White "Ropel, Dennis"]
[Black "SchlÃ¤ger, Reiner"]
[Result "1-0"]
[WhiteElo "1714"]
[BlackElo "1579"]
[PlyCount "97"]
[EventDate "2021.??.??"]
[WhiteTeam "SG Mengede 1"]
[BlackTeam "FS Dortmund 1"]

1. d4 Nf6 2. Nf3 d6 3. Bf4 g6 4. e3 Bg7 5. c3 O-O 6. Nbd2 Nbd7 7. Qc2 a6 8. h4
c5 9. Be2 cxd4 10. cxd4 b5 11. Rd1 Bb7 12. Kf1 Rc8 13. Qb1 Nh5 14. Bh2 Ndf6 15.
Rg1 Ng4 16. Bf4 Qc7 17. Nh2 Nxf4 18. Bxg4 Ne6 19. h5 f5 20. Be2 Ng5 21. hxg6
hxg6 22. Nhf3 Ne4 23. Bd3 Qc6 24. Ke2 Qd5 25. Bc2 Qe6 26. Nxe4 fxe4 27. Nd2
Rxf2+ 28. Kxf2 Rf8+ 29. Nf3 Qg4 30. Bb3+ d5 31. Qc1 exf3 32. g3 Rc8 33. Qd2 Rf8
34. Rh1 e6 35. Rh4 Qg5 36. e4 Qe7 37. e5 g5 38. Rh5 g4 39. Rdh1 Kf7 40. Rg5 Ke8
41. Rxg4 Rf7 42. Bc2 Kd8 43. Qg5 Qxg5 44. Rxg5 Bf8 45. Rh8 Ke7 46. Rh7 Rxh7 47.
Bxh7 Bh6 48. Rg6 Bc1 49. Rg7+ 1-0

[Event "FS Dortmund 1 - SG Mengede 1"]
[Site "Verbandsklasse - Gruppe 1 202"]
[Date "2021.10.24"]
[Round "1.8"]
[White "Bommert, Christian"]
[Black "Echargui, Amin"]
[Result "1/2-1/2"]
[WhiteElo "1655"]
[BlackElo "1503"]
[PlyCount "121"]
[EventDate "2021.??.??"]
[WhiteTeam "FS Dortmund 1"]
[BlackTeam "SG Mengede 1"]

1. e4 c6 2. f4 d5 3. Nf3 dxe4 4. Ng5 Nd7 5. Bc4 e6 6. Nc3 Ngf6 7. Ngxe4 Be7 8.
d3 b6 9. O-O O-O 10. Bd2 Nc5 11. Nxf6+ Bxf6 12. a4 a5 13. Qh5 g6 14. Qf3 Bb7
15. Qg4 Rc8 16. Kh1 Bg7 17. Rae1 Ba6 18. Ba2 b5 19. axb5 cxb5 20. Nd1 b4 21.
Be3 b3 22. Bb1 bxc2 23. Bxc2 Nxd3 24. Bxd3 Bxd3 25. Rf2 Bf5 26. Qf3 Qd5 27. Qe2
Rc2 28. Qf1 Bd3 29. Qg1 Rfc8 30. Nc3 Bxc3 31. Rxc2 Bxc2 32. bxc3 Rxc3 33. Bd4
Rd3 34. Be5 Rd1 35. Rxd1 Qxd1 36. Qxd1 Bxd1 37. Kg1 a4 38. Kf2 a3 39. Ke1 Bb3
40. g4 a2 41. g5 Kf8 42. Kd2 {=} Ke7 43. Ke3 Kd7 44. Bb2 Kd6 45. Kd4 e5+ 46.
fxe5+ Ke6 47. Ke4 Bc2+ 48. Kf4 Kd5 49. Ke3 Bb3 50. Ba1 Kc4 51. Bd4 Bc2 52. Ba1
Bf5 53. Kd2 Kd5 54. Ke3 Ke6 55. Bc3 Kd5 56. Ba1 Kc5 57. Bb2 Kc4 58. Kd2 Kb3 59.
Bd4 Kc4 60. Ba1 Kd5 61. Ke3 {=} 1/2-1/2

[Event "SV Mülheim-Nord 4 - SG Bochum 3"]
[Site "Verbandsklasse - Gruppe 1 202"]
[Date "2021.10.24"]
[Round "1.2"]
[White "Schuermann-Vengels, Jan"]
[Black "Walny, Benjamin"]
[Result "1/2-1/2"]
[WhiteElo "1873"]
[BlackElo "1796"]
[Annotator "daniel"]
[PlyCount "98"]
[EventDate "2021.??.??"]
[WhiteTeam "SV Mülheim-Nord 4"]
[BlackTeam "SG Bochum 3"]

1. e4 c5 2. Nf3 d6 3. d4 cxd4 4. Nxd4 Nf6 5. Nc3 a6 6. h3 b5 7. g4 e5 8. Nde2
Bb7 9. Bg2 Be7 10. O-O O-O 11. Be3 Nbd7 12. a4 b4 13. Nd5 Nxd5 14. exd5 Nb6 15.
Qd3 Rc8 16. b3 Nd7 17. a5 Rc7 18. Rfd1 Qa8 19. Ng3 Rfc8 20. Rac1 Nf6 21. Nf5
Bf8 22. g5 e4 23. Bxe4 Nxe4 24. Qxe4 Re8 25. Qxb4 Bxd5 26. Qf4 Re5 27. Bd4 Bh1
28. Nh4 Re4 29. Qh2 Rxh4 30. Qxh1 Qc8 31. Be3 Rxh3 32. Qe4 Re7 33. Qc4 Qf5 34.
Qf4 Qxa5 35. Qg4 Rhxe3 36. fxe3 Rxe3 37. Qf4 Re5 38. Rf1 Rxg5+ 39. Kh2 Qe5 40.
Rce1 Rh5+ 41. Kg2 Qd5+ 42. Rf3 Rh6 43. c4 Qb7 44. Kf2 Qd7 45. Rg1 $11 Qa7+ 46.
Kf1 Re6 47. Rg5 Qe7 48. Rf5 f6 49. Qd2 Qb7 1/2-1/2

[Event "SV Mülheim-Nord 4 - SG Bochum 3"]
[Site "Verbandsklasse - Gruppe 1 202"]
[Date "2021.10.24"]
[Round "1.3"]
[White "Gausmann, Thomas"]
[Black "Fleischer, Michael"]
[Result "0-1"]
[WhiteElo "1704"]
[BlackElo "1806"]
[PlyCount "68"]
[EventDate "2021.??.??"]
[WhiteTeam "SG Bochum 3"]
[BlackTeam "SV Mülheim-Nord 4"]

1. e4 c5 2. Nc3 Nc6 3. f4 d6 4. Nf3 Nf6 5. Bc4 e6 6. d3 Be7 7. O-O O-O 8. Bb3
a6 9. Qe1 b5 10. e5 Ne8 11. exd6 Nxd6 12. Ne4 Nxe4 13. Qxe4 Bb7 14. Bd2 Qc7 15.
Qe2 Bf6 16. c3 Rad8 17. Be3 Ne7 18. Bc2 Nd5 19. Qd2 b4 20. Ne5 bxc3 21. bxc3
Rc8 22. Rab1 Ba8 23. Bf2 Nxf4 24. Qxf4 Bxe5 25. Qh4 g6 26. Be1 Rb8 27. Bd2 Rxb1
28. Rxb1 Rb8 29. Bb3 Qd7 30. Bc2 Rxb1+ 31. Bxb1 Qb7 32. Qd8+ Kg7 33. Bh6+ Kxh6
34. Qf8+ Bg7 0-1

[Event "SV Mülheim-Nord 4 - SG Bochum 3"]
[Site "Verbandsklasse - Gruppe 1 202"]
[Date "2021.10.24"]
[Round "1.5"]
[White "Gerzen, Robin"]
[Black "Hausrath, Michaela"]
[Result "0-1"]
[WhiteElo "1665"]
[BlackElo "1674"]
[PlyCount "114"]
[EventDate "2021.??.??"]
[WhiteTeam "SG Bochum 3"]
[BlackTeam "SV Mülheim-Nord 4"]

1. e4 c5 2. c3 d5 3. exd5 Qxd5 4. d4 Nf6 5. Nf3 Bg4 6. Bb5+ Nc6 7. Be3 cxd4 8.
c4 Qe4 9. Qxd4 Bxf3 10. gxf3 Qxf3 11. O-O e6 12. Nd2 Qg4+ 13. Qxg4 Nxg4 14. Ne4
Be7 15. Rad1 Nxe3 16. fxe3 Rc8 17. Nd6+ Bxd6 18. Rxd6 Ke7 19. c5 a6 20. Ba4
Rhd8 21. Rfd1 Ne5 22. b4 b5 23. Rxd8 Rxd8 24. Rxd8 Kxd8 25. Bd1 Kd7 26. Kg2 Nd3
27. a3 Ne5 28. Be2 Nc4 29. Bxc4 bxc4 30. Kf2 Kc6 31. Ke2 a5 32. Kd2 axb4 33.
axb4 g5 34. Kc3 Kb5 35. c6 Kxc6 36. Kxc4 h5 37. e4 f6 38. b5+ Kb6 39. Kb4 g4
40. Kc4 h4 41. Kd3 Kxb5 42. Ke3 e5 43. Kd3 Kb4 44. Kd2 Kc4 45. Ke3 Kc3 46. Ke2
Kd4 47. Kf1 Kxe4 48. Ke2 f5 49. Ke1 Ke3 50. Kf1 Kd2 51. Kg2 e4 52. h3 gxh3+ 53.
Kh2 e3 54. Kg1 e2 55. Kh1 e1=Q+ 56. Kh2 Qf2+ 57. Kh1 Qg2# 0-1

[Event "SV Mülheim-Nord 4 - SG Bochum 3"]
[Site "Verbandsklasse - Gruppe 1 202"]
[Date "2021.10.24"]
[Round "1.7"]
[White "Benning, Martin"]
[Black "Horn, Ruediger"]
[Result "1/2-1/2"]
[WhiteElo "1612"]
[BlackElo "1748"]
[PlyCount "23"]
[EventDate "2021.??.??"]
[WhiteTeam "SG Bochum 3"]
[BlackTeam "SV Mülheim-Nord 4"]

1. f4 d5 2. Nf3 Nf6 3. g3 c5 4. Bg2 Nc6 5. O-O Bg4 6. d3 Qc7 7. Nbd2 O-O-O 8.
Qe1 e5 9. Nxe5 Nxe5 10. fxe5 Qxe5 11. Nf3 Qc7 12. Bf4 1/2-1/2

[Event "SV Rot-Weiß-Altenessen 1 - SF Essen-Kat"]
[Site "Verbandsklasse - Gruppe 1 202"]
[Date "2021.10.24"]
[Round "1.1"]
[White "Payes Kanders, Valentin"]
[Black "Praß, Marian"]
[Result "0-1"]
[WhiteElo "1753"]
[BlackElo "2010"]
[PlyCount "106"]
[EventDate "2021.??.??"]
[WhiteTeam "SF Essen-Katernberg  4"]
[BlackTeam "SV Rot-Weiß-Altenessen 1"]

1. d4 Nf6 2. c4 g6 3. Nc3 c5 4. d5 d6 5. e4 Bg7 6. Be2 O-O 7. Nf3 e6 8. Bg5
exd5 9. exd5 Bg4 10. O-O Qb6 11. Qd2 Nbd7 12. Rfe1 Rfe8 13. a4 Ne4 14. Nxe4
Rxe4 15. Bd3 Rxe1+ 16. Rxe1 Bxf3 17. gxf3 Ne5 18. Be2 Qb3 19. Be7 Bf8 20. Bxf8
Rxf8 21. Qc3 Qxc3 22. bxc3 g5 23. Rb1 Rb8 24. a5 Kg7 25. Kg2 f5 26. a6 b6 27.
Re1 Kf6 28. h4 Rg8 29. hxg5+ Rxg5+ 30. Kh3 f4 31. Bd1 Rh5+ 32. Kg2 Rg5+ 33. Kh3
Rg7 34. Re4 Kg5 35. Bc2 Re7 36. Bd1 Ng6 37. Bc2 Re5 38. Rxe5+ Nxe5 39. Bxh7
Nxf3 40. Bd3 Ne5 41. Be2 f3 42. Bf1 Kf4 43. Kh4 Ng4 44. Kh5 Nxf2 45. Kg6 Ke5
46. Kf7 Ne4 47. Ke7 Nxc3 48. Kd7 Nxd5 49. Kc6 Nb4+ 50. Kb7 d5 51. Kxa7 Nxa6 52.
Kxa6 dxc4 53. Bxc4 Kd4 0-1

[Event "SV Rot-Weiß-Altenessen 1 - SF Essen-Kat"]
[Site "Verbandsklasse - Gruppe 1 202"]
[Date "2021.10.24"]
[Round "1.2"]
[White "Rohloff, Markus"]
[Black "Mamikonyan, Davit"]
[Result "1-0"]
[WhiteElo "1897"]
[BlackElo "1851"]
[PlyCount "107"]
[EventDate "2021.??.??"]
[WhiteTeam "SV Rot-Weiß-Altenessen 1"]
[BlackTeam "SF Essen-Katernberg  4"]

1. e4 e6 2. d4 d5 3. Nc3 Bb4 4. e5 c5 5. a3 Bxc3+ 6. bxc3 c4 7. Qg4 Ne7 8. Qxg7
Rg8 9. Qxh7 Qa5 10. Bd2 Nbc6 11. Qh5 Bd7 12. g3 Ng6 13. Qd1 O-O-O 14. Nf3 Rdf8
15. Bg2 f5 16. O-O f4 17. Qb1 Rg7 18. Qb2 Be8 19. Ng5 Nd8 20. Qb4 Qc7 21. h4
Rh8 22. Qd6 Qxd6 23. exd6 Kd7 24. Rfe1 Kxd6 25. Nh3 fxg3 26. fxg3 Ba4 27. Bg5
Bxc2 28. Bf6 Rhg8 29. Bxg7 Rxg7 30. Ng5 Bf5 31. Re3 Nf7 32. Nxf7+ Rxf7 33. Kh2
Nf8 34. Rf1 Nd7 35. g4 Bg6 36. h5 Rh7 37. Kg3 Bd3 38. Rf4 b5 39. Bh3 Be4 40.
Kh4 e5 41. dxe5+ Nxe5 42. Rf6+ Kc7 43. g5 a5 44. Bf5 Re7 45. Bxe4 dxe4 46. g6
b4 47. axb4 axb4 48. cxb4 Kd7 49. h6 c3 50. Rxc3 e3 51. Rxe3 Nxg6+ 52. Rxg6
Rxe3 53. h7 Re1 54. Rh6 1-0

[Event "SV Rot-Weiß-Altenessen 1 - SF Essen-Kat"]
[Site "Verbandsklasse - Gruppe 1 202"]
[Date "2021.10.24"]
[Round "1.3"]
[White "Zamhoefer, Luca"]
[Black "Birdaini, Becir"]
[Result "1-0"]
[WhiteElo "1786"]
[BlackElo "1966"]
[PlyCount "69"]
[EventDate "2021.??.??"]
[WhiteTeam "SF Essen-Katernberg  4"]
[BlackTeam "SV Rot-Weiß-Altenessen 1"]

1. e4 c6 2. c4 e5 3. Nf3 d6 4. d4 Bg4 5. Be2 Bxf3 6. Bxf3 Qc7 7. Nc3 Nf6 8. d5
c5 9. O-O Nbd7 10. a3 a6 11. Be2 Be7 12. f4 h6 13. b4 cxb4 14. axb4 Qb6+ 15.
Kh1 Qxb4 16. Qd3 Qc5 17. Qg3 g6 18. Bb2 Rc8 19. Bd3 exf4 20. Qxf4 Ne5 21. Be2
Nfd7 22. Na4 Qc7 23. Bg4 Bg5 24. Bxd7+ Qxd7 25. Qg3 Qe7 26. c5 f6 27. h4 dxc5
28. Bxe5 fxe5 29. hxg5 hxg5+ 30. Kg1 c4 31. Nc3 Rh4 32. Ra5 Rc5 33. Ra2 Rc7 34.
Raf2 Qc5 35. Qxe5+ 1-0

[Event "SV Rot-Weiß-Altenessen 1 - SF Essen-Kat"]
[Site "Verbandsklasse - Gruppe 1 202"]
[Date "2021.10.24"]
[Round "1.4"]
[White "Kordonowski, Frank"]
[Black "Fattah, Samir"]
[Result "0-1"]
[WhiteElo "1955"]
[BlackElo "1783"]
[PlyCount "96"]
[EventDate "2021.??.??"]
[WhiteTeam "SV Rot-Weiß-Altenessen 1"]
[BlackTeam "SF Essen-Katernberg  4"]

1. Nf3 Nf6 2. g3 g6 3. Bg2 Bg7 4. O-O O-O 5. c4 d6 6. Nc3 c6 7. h3 Qc7 8. d3 b6
9. Rb1 Bb7 10. e4 e5 11. Be3 Nbd7 12. b4 a6 13. a4 c5 14. Qd2 Rfb8 15. Nh4 Ne8
16. Nd5 Bxd5 17. cxd5 Qd8 18. Nf3 a5 19. b5 Bf6 20. Qe2 Nf8 21. Nd2 Ng7 22. Nc4
Be7 23. Bd2 f6 24. Bc3 g5 25. f4 gxf4 26. gxf4 exf4 27. e5 Ng6 28. e6 Ra7 29.
d4 cxd4 30. Bxd4 Nf5 31. Bf2 Rab7 32. Be4 Ng7 33. Kh2 f5 34. Bd3 Rc8 35. Rg1
Bf6 36. Qf3 Kh8 37. Rbc1 Rcb8 38. Rxg6 hxg6 39. Qxf4 Bg5 40. Qg3 Bxc1 41. Bd4
Qg5 42. h4 Qxg3+ 43. Kxg3 Kh7 44. Nxd6 Ra7 45. Nc4 Rab7 46. Ne5 Rd8 47. Bc4
Nxe6 48. Nc6 Nxd4 0-1

[Event "SV Rot-Weiß-Altenessen 1 - SF Essen-Kat"]
[Site "Verbandsklasse - Gruppe 1 202"]
[Date "2021.10.24"]
[Round "1.5"]
[White "Kraft, Juergen"]
[Black "Cavasin, Joerg"]
[Result "1/2-1/2"]
[WhiteElo "1856"]
[BlackElo "1861"]
[PlyCount "77"]
[EventDate "2021.??.??"]
[WhiteTeam "SF Essen-Katernberg  4"]
[BlackTeam "SV Rot-Weiß-Altenessen 1"]

1. e4 c5 2. d4 cxd4 3. c3 dxc3 4. Nxc3 Nc6 5. Nf3 e6 6. Bc4 Nf6 7. O-O Bb4 8.
Qe2 O-O 9. Rd1 Qa5 10. Bd2 a6 11. a3 Be7 12. Nd5 Qd8 13. Nxe7+ Qxe7 14. e5 Ne8
15. Bg5 f6 16. Bh4 Qf7 17. Bg3 f5 18. Ng5 Qg6 19. f4 b5 20. Ba2 Nc7 21. Rac1 h6
22. Nf3 Qg4 23. Qd2 Rf7 24. Bf2 Bb7 25. Rc3 g5 26. fxg5 Nxe5 27. h3 Nxf3+ 28.
Rxf3 Qh5 29. Rg3 f4 30. Rg4 hxg5 31. Bb1 Re8 32. Qd3 Rg7 33. Re1 Nd5 34. Bd4
Ne3 35. Bxe3 fxe3 36. Rxe3 Rf8 37. Reg3 Bd5 38. Qe3 Rff7 39. Rxg5 1/2-1/2

[Event "SV Rot-Weiß-Altenessen 1 - SF Essen-Kat"]
[Site "Verbandsklasse - Gruppe 1 202"]
[Date "2021.10.24"]
[Round "1.6"]
[White "Avgustin, Thomas"]
[Black "Wolff, Michael"]
[Result "1-0"]
[WhiteElo "1731"]
[BlackElo "1731"]
[PlyCount "103"]
[EventDate "2021.??.??"]
[WhiteTeam "SV Rot-Weiß-Altenessen 1"]
[BlackTeam "SF Essen-Katernberg  4"]

1. e4 c5 2. Nf3 Nc6 3. Bb5 Qc7 4. O-O e6 5. Re1 d6 6. c3 Nge7 7. d4 Bd7 8. d5
Nd8 9. Bxd7+ Qxd7 10. a4 e5 11. Nbd2 g6 12. Nc4 Bg7 13. Qb3 O-O 14. Qb5 Qc7 15.
Bg5 f6 16. Bh4 Nf7 17. Rad1 g5 18. Bg3 Ng6 19. Ne3 h5 20. h4 Rae8 21. Nf5 Ne7
22. b4 a6 23. Qc4 Nxf5 24. exf5 Rc8 25. hxg5 fxg5 26. b5 a5 27. Qe4 Bf6 28. Nd2
b6 29. f3 Rce8 30. Bf2 g4 31. Be3 Ng5 32. Bxg5 Bxg5 33. fxg4 Bxd2 34. Rxd2 hxg4
35. Qxg4+ Qg7 36. Qxg7+ Kxg7 37. g4 Kf6 38. Kg2 Rg8 39. Kg3 Rh8 40. Re4 Reg8
41. Rh2 Rxh2 42. Kxh2 Kg5 43. Re2 Rh8+ 44. Kg3 Rh4 45. Re4 Rh1 46. Re2 Rg1+ 47.
Rg2 Rc1 48. Rf2 Rxc3+ 49. Rf3 Rc4 50. f6 Rxg4+ 51. Kf2 Kg6 52. f7 1-0

[Event "SV Rot-Weiß-Altenessen 1 - SF Essen-Kat"]
[Site "Verbandsklasse - Gruppe 1 202"]
[Date "2021.10.24"]
[Round "1.7"]
[White "Blum, Alfred"]
[Black "Drawe, Thomas"]
[Result "0-1"]
[WhiteElo "1747"]
[BlackElo "1813"]
[PlyCount "84"]
[EventDate "2021.??.??"]
[WhiteTeam "SF Essen-Katernberg  4"]
[BlackTeam "SV Rot-Weiß-Altenessen 1"]

1. d4 Nf6 2. Nf3 e6 3. c4 b6 4. g3 Bb7 5. Bg2 Be7 6. O-O O-O 7. Nc3 d5 8. Ne5
Nbd7 9. Bf4 c6 10. Rc1 Nxe5 11. dxe5 Nd7 12. h4 h6 13. cxd5 exd5 14. h5 Bg5 15.
e4 dxe4 16. Nxe4 c5 17. Nf6+ gxf6 18. Bxb7 Rb8 19. Bc6 Nxe5 20. Bxe5 fxe5 21.
Qg4 Qd4 22. Qxd4 exd4 23. f4 Bf6 24. b3 Rbd8 25. Rfd1 Rd6 26. Bb5 a6 27. Bd3
Re8 28. a4 a5 29. Kf2 Re3 30. Bc4 Rc3 31. Re1 d3 32. Rcd1 Kg7 33. Kg2 Rd7 34.
Re3 Rc2+ 35. Kf3 d2 36. Rd3 Rxd3+ 37. Bxd3 Rc3 38. Rxd2 Rxb3 39. Kg2 Rb4 40.
Bb5 c4 41. g4 c3 42. Rc2 Rxf4 0-1

[Event "SV Rot-Weiß-Altenessen 1 - SF Essen-Kat"]
[Site "Verbandsklasse - Gruppe 1 202"]
[Date "2021.10.24"]
[Round "1.8"]
[White "Neugebauer, Thomas"]
[Black "Dicks, Friedrich"]
[Result "1-0"]
[WhiteElo "1830"]
[BlackElo "1565"]
[PlyCount "111"]
[EventDate "2021.??.??"]
[WhiteTeam "SV Rot-Weiß-Altenessen 1"]
[BlackTeam "SF Essen-Katernberg  4"]

1. e4 d6 2. d4 Nf6 3. Nc3 c6 4. Nf3 Bg4 5. Be2 Nbd7 6. O-O Bxf3 7. Bxf3 e5 8.
Be3 Be7 9. Qd2 O-O 10. Rad1 b5 11. a3 a6 12. h3 c5 13. dxe5 Nxe5 14. Be2 Qc7
15. Nd5 Nxd5 16. Qxd5 Qc6 17. f4 Qxd5 18. Rxd5 Nc4 19. Bc1 Nb6 20. Rdd1 Rfe8
21. Bf3 Rad8 22. Rfe1 Kf8 23. Kf2 Bf6 24. c3 g6 25. Re2 Nc4 26. g4 g5 27. fxg5
Be5 28. Rd3 Re6 29. Bg2 Bg7 30. Bf4 Ne5 31. Rd1 Ke7 32. Bf1 Ng6 33. Bg3 f6 34.
gxf6+ Rxf6+ 35. Kg1 Rf3 36. Kh2 Be5 37. Bxe5 Nxe5 38. Bg2 Rf4 39. Rf1 Rxf1 40.
Bxf1 Rf8 41. Bg2 c4 42. Kg3 Nd3 43. Rd2 Ke6 44. b3 h6 45. bxc4 bxc4 46. Bf3 Rb8
47. Be2 Ne5 48. Bd1 Nd3 49. Kf3 Rf8+ 50. Ke3 Rb8 51. Kd4 Ne5 52. Be2 Rb7 53.
Bxc4+ Nxc4 54. Kxc4 Rc7+ 55. Kb3 Rf7 56. Rd3 1-0

[Event "SV Ahlen 2 - SV Sterkrade-Nord 1"]
[Site "Verbandsklasse - Gruppe 1 202"]
[Date "2021.10.24"]
[Round "1.1"]
[White "Proettel, Swen"]
[Black "Nattermueller, Irina"]
[Result "1/2-1/2"]
[WhiteElo "2214"]
[BlackElo "1982"]
[PlyCount "80"]
[EventDate "2021.??.??"]
[WhiteTeam "SV Sterkrade-Nord 1"]
[BlackTeam "SV Ahlen 2"]

1. d4 d5 2. c4 e6 3. Nc3 c5 4. cxd5 exd5 5. Nf3 Nc6 6. dxc5 d4 7. Na4 Bxc5 8.
Nxc5 Qa5+ 9. Bd2 Qxc5 10. Rc1 Qb6 11. e3 Nf6 12. Bc4 O-O 13. O-O Ne4 14. exd4
Nxd4 15. Nxd4 Qxd4 16. Bb4 Rd8 17. Qb3 Qf6 18. Qe3 Bf5 19. f3 Nd6 20. Bb3 Nb5
21. Rcd1 a5 22. Bc5 Re8 23. Qf2 Nc7 24. Bb6 Ne6 25. Rd7 Re7 26. Rfd1 h6 27.
R7d6 Qg5 28. Be3 Nf4 29. Bxf4 Qxf4 30. Qd2 Qxd2 31. R1xd2 Rae8 32. Kf2 Be6 33.
Ba4 Rc8 34. Rd8+ Rxd8 35. Rxd8+ Kh7 36. a3 Bc4 37. Bc2+ g6 38. Bd1 Kg7 39. b3
Ba6 40. Ra8 Rd7 1/2-1/2

[Event "SV Ahlen 2 - SV Sterkrade-Nord 1"]
[Site "Verbandsklasse - Gruppe 1 202"]
[Date "2021.10.24"]
[Round "1.2"]
[White "Nattermueller, Matthias"]
[Black "Knudsen, Simon"]
[Result "0-1"]
[WhiteElo "1910"]
[BlackElo "2188"]
[PlyCount "76"]
[EventDate "2021.??.??"]
[WhiteTeam "SV Ahlen 2"]
[BlackTeam "SV Sterkrade-Nord 1"]

1. d4 g6 2. Nc3 Bg7 3. Bg5 d6 4. Qd2 a6 5. g3 Nc6 6. Nf3 Bg4 7. Bg2 h6 8. Be3
Nf6 9. O-O-O Bd7 10. d5 Na5 11. Bd4 c5 12. dxc6 Nxc6 13. Be3 Rc8 14. Na4 Na5
15. Nb6 Nc4 16. Nxc4 Rxc4 17. Bd4 O-O 18. Qd3 b5 19. Nd2 Rc8 20. e4 Be6 21. Kb1
Qc7 22. f4 Bg4 23. Rc1 e5 24. Be3 Nd7 25. f5 gxf5 26. exf5 d5 27. Bxd5 Nf6 28.
Bg2 Rfd8 29. Qf1 e4 30. a3 Bf3 31. Nxf3 exf3 32. Qxf3 Nd5 33. Bd2 Qe5 34. c3 b4
35. g4 bxc3 36. Bxc3 Nxc3+ 37. Rxc3 Rxc3 38. Qxc3 Qe2 0-1

[Event "SV Ahlen 2 - SV Sterkrade-Nord 1"]
[Site "Verbandsklasse - Gruppe 1 202"]
[Date "2021.10.24"]
[Round "1.3"]
[White "Aulich, Marcell"]
[Black "Jaeger, Niklas"]
[Result "1/2-1/2"]
[WhiteElo "2155"]
[BlackElo "1718"]
[Annotator "danie"]
[PlyCount "72"]
[EventDate "2021.??.??"]
[WhiteTeam "SV Sterkrade-Nord 1"]
[BlackTeam "SV Ahlen 2"]

1. e4 e6 2. d4 d5 3. Nd2 dxe4 4. Nxe4 Nd7 5. Nf3 Ngf6 6. Ng3 Be7 7. Bd3 b6 8.
Qe2 Bb7 9. O-O c5 10. dxc5 Nxc5 11. Bb5+ Ncd7 12. Rd1 Qc7 13. Bg5 O-O-O 14. a4
Nc5 15. a5 Rxd1+ 16. Qxd1 Rd8 17. Qe1 Bxf3 18. gxf3 Nd5 19. Bxe7 Qxe7 20. axb6
axb6 21. b4 Nd7 22. Ra8+ Kb7 23. Ra4 Qf6 24. Ba6+ Kb8 25. Ra3 Ne5 $11 26. Qe4
Qf4 27. Rb3 Qc1+ 28. Bf1 Qf4 29. c4 Qxe4 30. fxe4 Nf4 31. Rb1 Nf3+ 32. Kh1 Rd2
33. Bg2 Rxf2 34. Bxf3 Rxf3 35. c5 bxc5 36. bxc5+ Kc7 1/2-1/2

[Event "SV Ahlen 2 - SV Sterkrade-Nord 1"]
[Site "Verbandsklasse - Gruppe 1 202"]
[Date "2021.10.24"]
[Round "1.4"]
[White "Lang, Nico"]
[Black "Stricker, Florian"]
[Result "0-1"]
[WhiteElo "1581"]
[BlackElo "2077"]
[PlyCount "104"]
[EventDate "2021.??.??"]
[WhiteTeam "SV Ahlen 2"]
[BlackTeam "SV Sterkrade-Nord 1"]

1. e4 d6 2. d4 Nf6 3. Nc3 g6 4. Nf3 Bg7 5. Bc4 O-O 6. O-O Bg4 7. h3 Bxf3 8.
Qxf3 Nc6 9. Be3 e5 10. d5 Nd4 11. Qd1 Re8 12. f3 c6 13. Qd2 b5 14. Bb3 b4 15.
Bxd4 exd4 16. Ne2 c5 17. Ba4 Rf8 18. c3 dxc3 19. bxc3 Qb6 20. c4 Qc7 21. Rae1
Nd7 22. Qc2 a5 23. Ng3 Nb6 24. Bc6 Ra7 25. f4 a4 26. f5 Qe7 27. e5 Qh4 28. f6
Qxg3 29. fxg7 Kxg7 30. e6 fxe6 31. dxe6 Rxf1+ 32. Kxf1 Qf4+ 33. Kg1 Re7 34.
Bxa4 Qxc4 35. Qb2+ Qc3 36. Qxc3+ bxc3 37. Bc2 d5 38. a4 d4 39. Kf2 Kf6 40. a5
Nc4 41. a6 Ne3 42. Be4 Ra7 43. Bb7 c2 44. Ke2 Kxe6 45. Kd3 Ke5 46. Kd2 c4 47.
g3 g5 48. Ra1 Kd6 49. Be4 Nd5 50. Ra4 Nb6 51. Ra5 d3 52. Kc1 Re7 0-1

[Event "SV Ahlen 2 - SV Sterkrade-Nord 1"]
[Site "Verbandsklasse - Gruppe 1 202"]
[Date "2021.10.24"]
[Round "1.5"]
[White "Grewe, Ludger"]
[Black "Jacob, Phil"]
[Result "1-0"]
[WhiteElo "2100"]
[BlackElo "1012"]
[PlyCount "83"]
[EventDate "2021.??.??"]
[WhiteTeam "SV Sterkrade-Nord 1"]
[BlackTeam "SV Ahlen 2"]

1. e4 c5 2. Nf3 Nc6 3. d4 cxd4 4. Nxd4 d6 5. c4 Nf6 6. Nc3 g6 7. Be2 Bg7 8. Be3
O-O 9. O-O a6 10. f3 Qb6 11. Na4 Qc7 12. Qd2 Rd8 13. Nb3 Nd7 14. Nc3 e6 15.
Rac1 Nc5 16. Nd4 Nxd4 17. Bxd4 e5 18. Nd5 Qb8 19. Bxc5 Be6 20. Bb6 Rd7 21. Rfd1
Qc8 22. b4 f5 23. Qg5 Bxd5 24. cxd5 Qf8 25. Qd2 Bh6 26. Be3 f4 27. Bb6 Qf6 28.
Rc2 Bg5 29. Qc1 Kg7 30. Rc8 Rxc8 31. Qxc8 Rf7 32. Rc1 Bh4 33. Bc4 Qg5 34. Bb3
Qf6 35. Ba4 Kh6 36. Bd7 g5 37. Be6 Rf8 38. Qd7 g4 39. Bxg4 Rf7 40. Qe6 Kg5 41.
Qxf6+ Kxf6 42. Bd8+ 1-0

[Event "SV Ahlen 2 - SV Sterkrade-Nord 1"]
[Site "Verbandsklasse - Gruppe 1 202"]
[Date "2021.10.24"]
[Round "1.6"]
[White "Lipske, Tim"]
[Black "Kuckling, Hannah"]
[Result "0-1"]
[WhiteElo "1465"]
[BlackElo "2072"]
[PlyCount "102"]
[EventDate "2021.??.??"]
[WhiteTeam "SV Ahlen 2"]
[BlackTeam "SV Sterkrade-Nord 1"]

1. e4 c5 2. Nf3 e6 3. d4 cxd4 4. Nxd4 Nc6 5. Nc3 Qc7 6. Be3 a6 7. a3 Nf6 8. Be2
Be7 9. O-O O-O 10. Qd2 d6 11. Rad1 Rd8 12. Bf3 Ne5 13. Be2 b5 14. f4 Neg4 15.
h3 Nxe3 16. Qxe3 Bb7 17. Bd3 Rac8 18. g4 d5 19. e5 Nd7 20. Nce2 g5 21. c3 gxf4
22. Qxf4 Nxe5 23. Bc2 Bc5 24. Qg5+ Ng6 25. Kh1 Qe7 26. Qxe7 Nxe7 27. b4 Bxd4
28. Bxh7+ Kxh7 29. Rxf7+ Bg7 30. Rxe7 Bc6 31. Nd4 e5 32. Ne6 Rg8 33. Rf1 Rce8
34. Rff7 Rxe7 35. Rxe7 d4+ 36. Kg1 dxc3 37. Rc7 Bd5 38. Ng5+ Kg6 39. h4 Bf6 40.
Rxc3 Bxg5 41. Rd3 Bxh4 42. Rxd5 Re8 43. Rd6+ Kg5 44. Rxa6 e4 45. Kf1 Kf4 46.
Ke2 Rc8 47. Rb6 Rc2+ 48. Kd1 Ra2 49. Rxb5 e3 50. Rf5+ Kxg4 51. Re5 Kf3 0-1

[Event "SV Ahlen 2 - SV Sterkrade-Nord 1"]
[Site "Verbandsklasse - Gruppe 1 202"]
[Date "2021.10.24"]
[Round "1.8"]
[White "Jaeger, Jeremy"]
[Black "Finke, Tobias"]
[Result "0-1"]
[WhiteElo "927"]
[BlackElo "2019"]
[PlyCount "94"]
[EventDate "2021.??.??"]
[WhiteTeam "SV Ahlen 2"]
[BlackTeam "SV Sterkrade-Nord 1"]

1. e4 e5 2. Nf3 Nf6 3. Nc3 Bb4 4. Bc4 O-O 5. O-O d6 6. Re1 Bg4 7. Nd5 Nxd5 8.
Bxd5 c6 9. Bc4 d5 10. exd5 cxd5 11. Be2 e4 12. Nd4 Bd7 13. c3 Bc5 14. Nb3 Bb6
15. d3 Qh4 16. Rf1 Rd8 17. Qd2 Bc7 18. g3 Qh3 19. Re1 Nc6 20. Bf1 Qg4 21. Qe2
Ne5 22. Qxg4 Bxg4 23. Bg2 Nxd3 24. Re3 Bb6 25. Nd4 Rac8 26. f3 Bxd4 27. cxd4
Rxc1+ 28. Rxc1 Nxc1 29. fxg4 Nd3 30. Re2 Rc8 31. h3 Kf8 32. Kh2 Rc1 33. h4 Ne1
34. g5 Ke7 35. Kh3 Nxg2 36. Kxg2 Rd1 37. Rc2 Kd7 38. Rf2 Ke6 39. Rc2 Rxd4 40.
Rc7 Rd2+ 41. Kf1 Rxb2 42. Ke1 d4 43. Rc8 e3 44. a4 Kf5 45. Rc4 Ke4 46. Kd1 Kd3
47. Rc1 Rh2 0-1